| 000 | 01284cam a22003737a 4500 | ||
|---|---|---|---|
| 003 | CHAP | ||
| 005 | 20220329141222.0 | ||
| 008 | 971010s1986 r 00010 d | ||
| 010 | _a64561 | ||
| 011 | _a65533 | ||
| 035 | _a72439 | ||
| 040 | _cCHAP | ||
| 090 | _aTesis | ||
| 100 | 0 | 0 |
_aCastillo, Rafael Felipe de. _920271 |
| 245 | 1 | 3 | _aLa selección natural de los sistemas de cruzamiento en Opuntia robusta |
| 260 |
_aChapingo, Méx. : _bEl autor, _c1986 |
||
| 300 |
_a133 h. _b: gráfs. ; mapas |
||
| 500 | _ac.4-5 en bodega | ||
| 502 | _aTesis (M.C. Esp. en Botánica) -- Colegio de Postgraduados. Centro de Botánica | ||
| 590 |
_aALEPH _b10 _c20130110 _lUCH01 _h1353 |
||
| 590 |
_aBATCH-UPD _b10 _c20130110 _lUCH01 _h0750 |
||
| 590 |
_aBATCH-UPD _b10 _c20130410 _lUCH01 _h0430 |
||
| 590 |
_aBATCH-UPD _b10 _c20130914 _lUCH01 _h0859 |
||
| 590 |
_aCONVERSION _b10 _c20130109 _lUCH01 _h1335 |
||
| 650 | 1 | 4 |
_aNopal _xHíbridos. _981675 |
| 650 | 1 | 4 |
_aNopal _xPropagación. _981693 |
| 650 | 1 | 4 |
_aSelección natural. _9103780 |
| 901 | _aBK | ||
| 942 | _cFOLL | ||
| 949 |
_bBC _cTES _d-139349 _eTS1 _h18197 _i72439 _si |
||
| 949 |
_bBC _cTES _d-139351 _eTS2 _fc.3 _h23502 _i72439 _si |
||
| 949 |
_bBC _cTES _d33724000749735 _eTS2 _fc.2 _h18198 _i72439 _si |
||
| 949 |
_bZA _cTESBD _d-5145 _eTS1 _i72439 _si |
||
| 999 |
_c64561 _d64561 |
||